00304nam a2200085Ia 4500008004100000041000800041100001700049245010500066260004700171241105s9999 xx 000 0 und d aeng aMutha Rutuja aLandscape Development Proposal For Reinterpretation Of Delhi Gate And Surrounding Area At Aurangabad bBNCA M Arch Environment Architecturec2022